Data engineering: Fuzzy mathematics in systems theory and data analysis
保存先:
| 第一著者: | |
|---|---|
| フォーマット: | 図書 |
| 言語: | Undetermined |
| 出版事項: |
New York
John Wiley and Sons
2001
|
| 主題: | |
| タグ: |
タグ追加
タグなし, このレコードへの初めてのタグを付けませんか!
|
| Thư viện lưu trữ: | Trung tâm Học liệu Trường Đại học Cần Thơ |
|---|
| LEADER | 00535nam a2200169Ia 4500 | ||
|---|---|---|---|
| 001 | CTU_56298 | ||
| 008 | 210402s9999 xx 000 0 und d | ||
| 082 | |a 511.32 | ||
| 082 | |b W862 | ||
| 100 | |a Olaf Wolkenhauer | ||
| 245 | 0 | |a Data engineering: Fuzzy mathematics in systems theory and data analysis | |
| 245 | 0 | |c Olaf Wolkenhauer | |
| 260 | |a New York | ||
| 260 | |b John Wiley and Sons | ||
| 260 | |c 2001 | ||
| 650 | |a fuzzy sets,set theory,logic, symbolic and mathematical | ||
| 980 | |a Trung tâm Học liệu Trường Đại học Cần Thơ | ||